00615nam a22002057a 450000500170000001000130001702000220003003500130005203700160006504000120008108200160009324500810010926000590019027000460024930000330029550000200032865000160034865000260036470000190039020170124110049.0 aA-991939 a817629196Xc00.00 aA-991939 bCen Lib/Ret aDPLbEN a658.15bFIN aFinancial management :cedited by P. Mohana Raobnew methods and practices / aNew DelhibDeep & Deep Publications Pvt. Ltd. c1999 aF-159. Rajouri Garden bNew Delhie110027 axiii,388p. :bill.c21cm(Hb) aIncludes index. aManagement  aFinancial management  aRao, P. Moahna